000 00765nam a2200241Ia 4500
003 OSt
005 20220927105438.0
006 a|||||r|||| 00| 0
007 ta
008 220926b |||||||| |||| 00| 0 eng d
024 _a173602
037 _cReference Collections
040 _aRTL
_cRTL
_beng
041 _2eng
_aeng
082 _a"B28.1N45.N88s, M8/UN"
110 _a"UNITED NATIONS, INTERNATIONAL ECONOMIC AND SOCIAL AFFAIRS (Deptt. of-)."
245 0 _aWorld statistics in brief.
260 _aNew
_bYork U.N.
_c1988
300 _avii; 97p.
_ccm.
700 _a"UNITED NATIONS, INTERNATIONAL ECONOMIC AND SOCIAL AFFAIRS (Deptt. of-)."
942 _h"B28.1N45.N88s, M8/UN"
_cCC
999 _c692609
_d692609